| 000 | 00415nam a2200121Ia 4500 | ||
|---|---|---|---|
| 008 | 220615s9999||||xx |||||||||||||| ||und|| | ||
| 100 | _aKeskinen, Suvi | ||
| 245 | 0 |
_aMobilising the Racialised 'Others' _bPostethnic Activism, Neoliberalisation and Racial Politics |
|
| 546 | _aEnglish[eng] | ||
| 650 | _aSociology | ||
| 856 | _uhttps://library.oapen.org/bitstream/20.500.12657/54485/1/9781000594041.pdf | ||
| 942 | _cEB | ||
| 999 |
_c15163 _d15163 |
||